Spôsob zdaňovania príjmov spoločníkov spoločností s ručením obmedzeným v roku 1996
Spoločníci spoločnosti s ručením obmedzeným ako špeciálna kategória daňovníkov. Poberanie rôznych druhov príjmov v zmysle zákona o daniach z príjmov. Príjmy zo závislej činnosti. Príjmy z kapitálového majetku. Príjem z podnikania spoločníka. Ostatné príjmy spoločníka. Príklady zdanenia príjmov. Odme...
Guardado en:
| Autor principal: | |
|---|---|
| Formato: | Capítulo de libro |
| Lenguaje: | eslovaco |
| Materias: | |
| Etiquetas: |
Sin Etiquetas, Sea el primero en etiquetar este registro!
|
MARC
| LEADER | 00000naa a2200000 4500 | ||
|---|---|---|---|
| 001 | r023218 | ||
| 005 | 20230912111517.2 | ||
| 041 | 0 | |a slo | |
| 044 | |a SK | ||
| 245 | 1 | 0 | |a Spôsob zdaňovania príjmov spoločníkov spoločností s ručením obmedzeným v roku 1996 |c Dagmar Piršelová |
| 520 | |a Spoločníci spoločnosti s ručením obmedzeným ako špeciálna kategória daňovníkov. Poberanie rôznych druhov príjmov v zmysle zákona o daniach z príjmov. Príjmy zo závislej činnosti. Príjmy z kapitálového majetku. Príjem z podnikania spoločníka. Ostatné príjmy spoločníka. Príklady zdanenia príjmov. Odmena za práce. Odmena člena dozornej rady. | ||
| 610 | 2 | 0 | |a spoločníci |
| 610 | 2 | 0 | |a spoločnosti s r.o. |
| 610 | 2 | 0 | |a príjmy |
| 610 | 2 | 0 | |a dane z príjmov |
| 610 | 2 | 0 | |a podiely na zisku |
| 610 | 2 | 0 | |a odmeňovanie |
| 100 | 1 | |a Piršelová, Dagmar | |